000 00657nam a2200253Ia 4500
005 20260121114408.0
008 008 260114s9999 xx 000 0 eng d
020 _a9781119706809
037 _aEBOOK
040 _aCRL
040 _beng
040 _cCRL
041 _2eng
041 _aeng
084 _qCRL
100 _aJacques Barnouin
_9974451
245 4 _aThe World's Construction Mechanism - Trajectories, Imbalances and the Future of Societies
260 _bWiley
260 _c2020
856 _uhttps://onlinelibrary.wiley.com/doi/book/10.1002/9781119706809
942 _cEBOOK
999 _c1553705
_d1553705